| 000 | 00951nam a22002415i 4500 | ||
|---|---|---|---|
| 001 | 175174 | ||
| 003 | ES-MaACL | ||
| 005 | 20250812032640.0 | ||
| 008 | 101011s1963 sp ab |||| | spa d | ||
| 080 | _a7.032 (358) | ||
| 100 | 0 |
_aWoolley, Leonard _cSir. _9143553 |
|
| 245 | 1 | 0 |
_aMesopotamia y Asia anterior / _cpor Leonard Woolley ; [traducción de Félix Formosa Torres]. |
| 260 |
_aBarcelona : _bPraxis : _bSeix Barral, _cD. L. 1963. |
||
| 300 |
_a255 p. : _bil. ; _c24 cm. |
||
| 490 | 1 |
_aEl arte de los pueblos. Culturas no europeas ; _v5 |
|
| 594 | _aTít. original: Kunst der Welt Mesopotamien und Vorderasien. | ||
| 599 | _aEn port. : "60 láminas en colores, 73 dibujos, 1 mapa" | ||
| 650 | 1 | 7 |
_aArte asirio-babilónico _2embne _910158 |
| 700 | 1 |
_aFormosa, Feliu, _d1934- _951759 |
|
| 830 | 0 |
_aEl arte de los pueblos. Culturas no europeas ; _v5 _9189547 |
|
| 852 |
_aES-MaACL _jE-13350 _xOlim P-7 |
||
| 999 |
_c175174 _d175174 |
||